Statistics for "Superstore" Characters

Click here to take the quiz!

General Stats

  • This quiz has been taken 1,375 times
  • The average score is 10 of 11

Answer Stats

HintAnswer% Correct
Floor supervisorAmy
99%
Educated "pretty boy"Jonah
98%
Bird ladyDina
95%
ManagerGlenn
95%
Filipino workerMateo
93%
Uses a wheelchairGarrett
90%
Woman who everyone ignoresSandra
88%
Boyfriend of the aboveBo
86%
Pregnant teenagerCheyenne
86%
Old womanMyrtle
80%
Creepy guySal
71%

Score Distribution

Percentile by Number Answered

Percent of People with Each Score

Your Score History

You have not taken this quiz